| 000 | 00642nam a2200205 i 4500 | ||
|---|---|---|---|
| 001 | 89402 | ||
| 003 | ES-MaACL | ||
| 005 | 20250808012057.0 | ||
| 007 | t| | ||
| 008 | 050110s1965 sp ||||1| spa d | ||
| 080 | _a248.122 | ||
| 100 | 1 |
_aLaplace, Jean. _970158 |
|
| 245 | 1 | 3 |
_aLa mujer y la vida consagrada / _cJ. Laplace ; [versión castellana de Fernando Gutiérrez]. |
| 260 |
_aBarcelona : _bHerder, _c1965. |
||
| 300 |
_a292 p. ; _c20 cm. |
||
| 650 | 7 |
_aVida monástica y religiosa femenina _2embne _9155560 |
|
| 700 | 1 |
_aGutiérrez, Fernando, _d1911-1984 _9156260 |
|
| 852 | 4 |
_aES-MaACL _jC-27868 |
|
| 999 |
_c89402 _d89402 |
||